000 01432nam a22002897a 4500
001 5384
003 FISKH
005 20241129151333.0
008 241129b cb ||||| |||| 00| 0 eng d
020 _a9780531212387
040 _aFISKH
_beng
_cFISKH
_dFISKH
050 _aHE6375.P476
082 _a266.279
100 _aPerritano, John
245 _aSpanish Missions /
_cby John Perritano
260 _aNew York :
_bChildren's Press ;
_c2010 .
300 _a48 pages :
_bcolor illustrations ;
_c22 cm .
490 _aA True Book
505 _aZ
520 _aBeginning with a pithy account that delves into the conquer-and-cash-in strategy of Spanish exploration, it then nicely outlines what missions are (essentially small villages), who built them (priests and soldiers), and why they were built (to convert the natives and control the land). With an evenhanded tone, Perritano also touches on important Spanish priests (both admirable and despicable), Native revolts, and various missions in what is now Mexico and the southwestern U.S. The colorful, amply illustrated design makes for an accessible read - review by Ian Chipman, Booklist. Ages 8-12.
521 8 _a950
_bLexile
521 8 _aZ
_bRaz-Plus
650 _aMission, Spanish- Southwest, New- History
_vJuvenile literature
650 _aSpaniards- Southwest , New- History
_vJuvenile literature
942 _2ddc
_cBK
_n0
999 _c5384
_d5384